| 000 | 00333nam a2200133Ia 4500 | ||
|---|---|---|---|
| 005 | 20251222140044.0 | ||
| 008 | 251222s1900||||xx |||||||||||||| ||spa|| | ||
| 020 | _a84-313-0830-3 | ||
| 082 | _a113/A78 | ||
| 100 | _aArtigas, Mariano & Sanguineti, Juan José | ||
| 245 | 0 | _aFilosofĂa de la Naturaleza | |
| 264 | _bEUNSA | ||
| 942 | _cLIB | ||
| 999 |
_c3391 _d3391 |
||